00354pab a2200133 454500008004000000100001800040245004100058260000900099300001300108362000800121650004400129650003600173773001100209180718b2017 xxu||||| |||| 00| 0 eng d aPandit, Unnat aInnovation led reforms for new India c2017 ap.30-33. aOct aEconomic and social development - India aEconomic and social development aYojana